000 00452nam a2200181Ia 4500
001 5053
005 20260306145840.0
008 260306t2007||||xx |||||||||||||| ||spa||
041 _aESP
082 _a332.678
_bB38E 2007
100 _aBeltrán Barco, Arlette
_eAUT
245 0 _aEjercicios de evaluación privada de proyectos
260 _c2007
300 _a336 páginas :
_c21 cm.
650 _aGEN
654 _aCAN
942 _cLIB
_dJUS
_fJUS
_2ddc
_n
999 _c5053
_d5053